| 000 | 00499nam a2200181 a 4500 | ||
|---|---|---|---|
| 005 | 20210219153235.0 | ||
| 008 | 991125n 000 0 spa u | ||
| 035 | _aUPN01000085282 | ||
| 100 | _aMATTHEWS, Geoffrey | ||
| 222 | _aROSAS INFANTILES : REVISTA PEDAGOGICA INDEPENDIENTE | ||
| 245 | _a¿Le gustaría a usted estudiar matemáticas? | ||
| 300 | _a14-15 | ||
| 362 | _a1973 No. 6, feb.-mar. | ||
| 653 | 0 | _aENSEÑANZA | |
| 653 | 0 | _aMATEMATICA | |
| 904 |
_aAC _b023093 |
||
| 905 | _aArticulo | ||
| 999 |
_c71795 _d71795 |
||